| 000 | 00000nam##2200000za#4500 |
| 001 | 9.571132 |
| 003 | CaOODSP |
| 005 | 20210624182556 |
| 007 | cr ||||||||||| |
| 008 | 150406|2009||||xxc|||||o f|0| 0 eng|d |
| 022 | |a1919-6814 |
| 040 | |aCaOODSP|beng |
| 043 | |an-cn--- |
| 086 | 1 |aFs22-8/1-2009E-PDF |
| 110 | 1 |aCanada. |bDepartment of Fisheries and Oceans. |
| 245 | 10|aUse of high-quality trout feeds to improve growth performance and decrease phosphorus waste |h[electronic resource] |
| 260 | |aOttawa - Ontario : |bFisheries and Oceans Canada |
| 300 | |a4p.|btables, photographs |
| 490 | 1 |aAquaculture Collaborative Research and Development Program (ACRDP) fact sheet |x1919-6814|vIssue 1, April 2009 |
| 590 | |a11-13-Supp|b2011-08-04 |
| 775 | 08|tUtilisation d'aliments pour truites de grande qualité en vue d'accroître la performance de croissance et de diminuer les déchets de phosphore |w(CaOODSP)9.601771 |
| 830 | #0|aAquaculture Collaborative Research and Development Program (ACRDP) fact sheet,|x1919-6814|vIssue 1, April 2009|w(CaOODSP)9.506434 |
| 856 | 40|ahttp://publications.gc.ca|qPDF|s1104 KB|uhttps://publications.gc.ca/collections/collection_2011/mpo-dfo/Fs22-8-1-2009-eng.pdf|yIssue 1, April 2009 |
| 986 | |aDFO/2008-1493 |